The contract of carriage : (Record no. 2797)

000 -LEADER
fixed length control field 01266nam a2200325 a 4500
006 - FIXED-LENGTH DATA ELEMENTS--ADDITIONAL MATERIAL CHARACTERISTICS--GENERAL INFORMATION
fixed length control field m |o go|ad
007 - PHYSICAL DESCRIPTION FIXED FIELD--GENERAL INFORMATION
fixed length control field cr |||||||||||
008 - FIXED-LENGTH DATA ELEMENTS--GENERAL INFORMATION
fixed length control field 180920s2019 enk ob 001 0 eng d
020 ## - INTERNATIONAL STANDARD BOOK NUMBER
International Standard Book Number 9780429401442
Qualifying information ebk
040 ## - CATALOGING SOURCE
Original cataloging agency IMU Kochi Library
Language of cataloging eng
041 0# - LANGUAGE CODE
Language code of text/sound track or separate title eng
044 ## - COUNTRY OF PUBLISHING/PRODUCING ENTITY CODE
MARC country code England
082 00 - DEWEY DECIMAL CLASSIFICATION NUMBER
Classification number 343.0932
Edition number 23
100 1# - MAIN ENTRY--PERSONAL NAME
Personal name Backden, Paula,
245 14 - TITLE STATEMENT
Title The contract of carriage :
Sub Title multimodal transport and unimodal regulation /
264 #1 - Production, Publication, Distribution, Manufacture, and Copyright Notice
Place of production, publication, distribution, manufacture London :
Name of producer, publisher, distributor, manufacturer Informa Law from Routledge,
Date of production, publication or copyright notice 2019.
300 ## - PHYSICAL DESCRIPTION
Extent 1 online resource
490 0# - SERIES STATEMENT
Series statement Contemporary commercial law
504 ## - BIBLIOGRAPHY, ETC. NOTE
Bibliography, etc Includes bibliographical references (pages 311-322) and index.
505 0# - FORMATTED CONTENTS NOTE
Formatted contents note Introduction -- The carrier's liability under current regimes -- Application of unimodal conventions in a multimodal context- status quo -- The scope of applications revisited -- The contractual approach to applicability and multimodal contracts -- General conclusions.
650 #0 - SUBJECT ADDED ENTRY--TOPICAL TERM
Topical term or geographic name as entry element Transportation
General subdivision Law and legislation.
650 #0 - SUBJECT ADDED ENTRY--TOPICAL TERM
Topical term or geographic name as entry element Carriers
General subdivision Law and legislation.
650 #0 - SUBJECT ADDED ENTRY--TOPICAL TERM
Topical term or geographic name as entry element Delivery of goods (Law)
650 #0 - SUBJECT ADDED ENTRY--TOPICAL TERM
Topical term or geographic name as entry element Transportation engineering.
852 ## - LOCATION/CALL NUMBER
Location IMU Kochi Library
856 40 - ELECTRONIC LOCATION AND ACCESS
Uniform Resource Identifier <a href="http://www.taylorfrancis.com/books/9780429401442">http://www.taylorfrancis.com/books/9780429401442</a>
904 ## - LOCAL DATA ELEMENT D, LDD (RLIN)
CATALOGER Rudra Ranjan
905 ## - LOCAL DATA ELEMENT E, LDE (RLIN)
VERIFIER Rudra Ranjan
942 ## - ADDED ENTRY ELEMENTS (KOHA)
Item type E-Book

No items available.



Copyright © All Rights Reserved by Indian Maritime University, Kochi Campus.
For any Suggestions/Query Contact to library or Email: library.kochi@imu.ac.in Ph:(0484)-2989402
(Web OPAC Designed by Rudra Ranjan. Maintained by IMU Kochi Library)

Powered by Koha